Mixed Word: Mystery Word III Quiz Stats

 Plays Quiz Updated Oct 13, 2016

Challenge
Share
Tweet
Embed
Score 0/11 Timer 06:00
0 Plays Today
Hint Answer % Correct
MBUSHAamBush
88.8%
RROORHhorrOr
87.3%
ERBRABbArber
86.3%
DNEFOFoffEnd
76.5%
NELSTOstoLen
76.1%
YPOCNAcaNopy
74.1%
PNADKIkiDnap
70%
DNASILIsland
64.4%
NSSEAOseaSon
54.3%
OORTGTgRotto
51.8%
Type in the capitalized letters from the answers to get the bonus hintBandoliers
3.5%

You're not logged in!

Compare scores with friends on all Sporcle quizzes.
OR
Log In

You Might Also Like...

Show Comments

Extras

Top Quizzes Today


Score Distribution

Your Account Isn't Verified!

In order to create a playlist on Sporcle, you need to verify the email address you used during registration. Go to your Sporcle Settings to finish the process.

Report this User

Report this user for behavior that violates our Community Guidelines.

Details: